| 000 | 00749nam a22001937a 4500 | ||
|---|---|---|---|
| 003 | BUBTL | ||
| 008 | 191111b xxu||||| |||| 00| 0 eng d | ||
| 020 | _a978-984-34-0865-5 | ||
| 082 | _a340 / AKL | ||
| 100 |
_92448 _aমোঃ আখতারুজ্জামান |
||
| 245 |
_aলিগ্যাল ড্রাফটিং, কনভেয়াংন্সিং এবং প্রফেশনাল এথিকস / _cমোঃ আখতারুজ্জামান |
||
| 250 | _a3rd ed. | ||
| 260 |
_aঢাকা : _bআলিফ প্রকাশনী, _c c2019. |
||
| 300 |
_axxvii, 957 p. _c23.5 cm : |
||
| 650 | 0 |
_92102 _aLaw |
|
| 856 |
_k0 _l0 _yDownload |
||
| 942 |
_2ddc _cBK |
||
| 999 |
_c6145 _d6145 |
||